[Event "Karpov It"]
[Site "Poikovsky RUS"]
[Date "2001.05.03"]
[Round "3"]
[White "Onischuk,Al"]
[Black "Lputian,S"]
[Result "0-1"]
[WhiteElo "2658"]
[BlackElo "2607"]

1.d4 e6 2.c4 d5 3.Nc3 Be7 4.cxd5 exd5 5.Bf4 c6 6.e3 Bf5 7.g4 Be6 8.h4 Nd7
9.h5 Nh6 10.Be2 Nb6 11.Nh3 g5 12.hxg6 hxg6 13.f3 Bh4+ 14.Nf2 g5 15.Bh2 Qe7
16.Qc2 f5 17.Be5 Rf8 18.O-O-O Nf7 19.gxf5 Bxf2 20.fxe6 Bxe3+ 21.Kb1 Nxe5
22.dxe5 Qxe6 23.Bf1 g4 24.fxg4 O-O-O 25.Rh5 Rf2 26.Qh7 Rdf8 27.Rf5 R2xf5
28.gxf5 Qxe5 29.f6 Bd4 30.Bh3+ Kb8  0-1

[Event "Karpov It"]
[Site "Poikovsky RUS"]
[Date "2001.05.07"]
[Round "7"]
[White "Mitkov,N"]
[Black "Onischuk,Al"]
[Result "1/2-1/2"]
[WhiteElo "2578"]
[BlackElo "2658"]

1.e4 e5 2.Bc4 Nf6 3.d3 Nc6 4.Nc3 Na5 5.Nge2 c6 6.a4 Nxc4 7.dxc4 Bc5 8.Qd3 d6
9.Be3 O-O 10.Bxc5 dxc5 11.Qxd8 Rxd8 12.a5 Kf8 13.f3 Ke7 14.Nc1 Be6 15.b3 Nd7
16.Nd3 Rdb8 17.Ke2 b5 18.axb6 axb6 19.Ke3 f6 20.g3 g5 21.h4 Rxa1 22.Rxa1 gxh4
23.gxh4 Rf8 24.Kf2 f5 25.Ra7 Kd6 26.Rb7 f4 27.Na4 Ra8 28.Ke2 h5 29.Ndb2 Rg8
30.Nxb6 Nxb6 31.Rxb6 Rg2+ 32.Ke1 Rxc2 33.Nd3 Rh2 34.b4 Kc7 35.bxc5 Bxc4 36.Nb4 Bb5
37.Na6+ Kc8 38.Nb8 Kc7 39.Na6+ Kc8 40.Nb8 Be2 41.Nxc6 Bxf3 42.Nxe5 Bxe4 43.Rb4 Rh1+
44.Kf2 Rh2+  1/2-1/2

[Event "Karpov It"]
[Site "Poikovsky RUS"]
[Date "2001.05.08"]
[Round "8"]
[White "Onischuk,Al"]
[Black "Leitao,R"]
[Result "1-0"]
[WhiteElo "2658"]
[BlackElo "2587"]

1.c4 Nf6 2.Nc3 e6 3.e4 c5 4.Nf3 Nc6 5.Be2 b6 6.d4 cxd4 7.Nxd4 Bb7 8.Bf4 Bb4
9.Nb5 Nxe4 10.Qc2 Nxc3 11.bxc3 O-O 12.cxb4 Qf6 13.Qc1 Nxb4 14.O-O Qg6 15.f3 e5
16.Bxe5 Rfe8 17.Qc3  1-0

[Event "TCh-RUS"]
[Site "Tomsk RUS"]
[Date "2001.05.13"]
[Round "1"]
[White "Onischuk,Al"]
[Black "Kharlov,A"]
[Result "1-0"]
[WhiteElo "2658"]
[BlackElo "2639"]

1.d4 d5 2.c4 dxc4 3.e4 Nc6 4.d5 Ne5 5.Bf4 Ng6 6.Bg3 e5 7.Bxc4 a6 8.Nc3 Bd6
9.f3 Nf4 10.Qd2 b5 11.Bb3 Ne7 12.Bh4 h6 13.O-O-O Bd7 14.Be1 Nc8 15.g3 Ng6
16.h4 Nb6 17.h5 Nf8 18.f4 Bg4 19.Nce2 Nfd7 20.Rh4 Nf6 21.Qd3 Nbd7 22.Bf2 Bxh5
23.Nf3 Qe7 24.fxe5 Nxe5 25.Nxe5 Bxe2 26.Qxe2 Bxe5 27.Kb1 O-O 28.Rdh1 a5 29.Qd2 Qb4
30.Rxh6 gxh6 31.Qxh6 Qxe4+ 32.Bc2 Qxh1+ 33.Qxh1 Rfd8 34.g4 Rd6 35.Bc5 Rad8
36.g5 Nd7 37.Qh7+ Kf8 38.g6 fxg6 39.Bxd6+ cxd6 40.Bxg6 Bg7 41.Bf5 Nf6 42.Qg6 Rb8
43.Be6 Rb7 44.Qc2 Ne8 45.Qc6 Rc7 46.Qxb5 Bh6 47.a4 Bd2 48.Bd7 Rc1+ 49.Ka2 Nf6
50.Be6 Rc7 51.Qb6 Re7 52.Qxd6  1-0

[Event "TCh-RUS"]
[Site "Tomsk RUS"]
[Date "2001.05.15"]
[Round "3"]
[White "Onischuk,Al"]
[Black "Loginov,Va"]
[Result "1-0"]
[WhiteElo "2658"]
[BlackElo "2499"]

1.d4 Nf6 2.c4 e6 3.Nf3 b6 4.a3 c5 5.d5 Ba6 6.Qc2 exd5 7.cxd5 g6 8.Nc3 Bg7
9.g3 O-O 10.Bg2 d6 11.O-O b5 12.b4 Nbd7 13.Bf4 Qb6 14.bxc5 Qxc5 15.Be3 Qc4
16.Nd2 Qc7 17.Bd4 Rfe8 18.Qb2 Nh5 19.Bxg7 Nxg7 20.Rfc1 Qb6 21.Nce4 Bb7 22.Rc6 Bxc6
23.dxc6 Nc5 24.Nf6+ Kh8 25.Nxe8 Rxe8 26.Nb3 Kg8 27.Nd4 Nge6 28.e3 a6 29.Rd1 Nc7
30.Nc2 d5 31.Nb4 Ne4 32.Qc2 Nf6 33.Nxd5 Ncxd5 34.Bxd5 Nxd5 35.Rxd5 Rc8 36.Rd6 a5
37.Qe4 b4 38.axb4 axb4 39.Qd5 Rf8 40.Rd7 Qa6 41.c7  1-0

[Event "TCh-RUS"]
[Site "Tomsk RUS"]
[Date "2001.05.16"]
[Round "4"]
[White "Onischuk,Al"]
[Black "Erikalov,A"]
[Result "1-0"]
[WhiteElo "2658"]
[BlackElo "2475"]

1.d4 d5 2.c4 c6 3.Nf3 Nf6 4.e3 e6 5.Nbd2 Nbd7 6.Bd3 Bd6 7.O-O O-O 8.e4 e5
9.cxd5 cxd5 10.exd5 exd4 11.Ne4 Nxe4 12.Bxe4 Nf6 13.Qxd4 Re8 14.Bg5 Qb6 15.Bxf6 Qxd4
16.Bxh7+ Kxh7 17.Bxd4 b6 18.Rfd1 Bb7 19.Be3 Rad8 20.Rd3 Rd7 21.Rc1 Bb8 22.b3 Red8
23.Ng5+ Kg6 24.Nh3 Rxd5 25.Rxd5 Rxd5 26.Bf4 Be5 27.Bxe5 Rxe5 28.f3 Re7 29.Kf2 Rd7
30.Rc2 f6 31.Nf4+ Kf5 32.Ne2 Ke5 33.Ke3 g5 34.g3 Ba6 35.f4+ Kf5 36.Nd4+ Kg4
37.Rc6 Re7+ 38.Re6 Rxe6+ 39.Nxe6 Bc8 40.Nc7 Kh3 41.Nd5 Kxh2 42.Nxf6 Kxg3
43.Ne4+ Kg4 44.Nxg5 a5 45.Ke4 Bf5+ 46.Ke5 Bb1 47.a3 Bc2 48.b4 axb4 49.axb4 Kh5
50.Ne6 Kg6 51.Nd4 Bd3 52.Ke6 Bc4+ 53.Ke7 Bg8 54.f5+ Kg5 55.f6 Kf4 56.f7 Bxf7
57.Kxf7 Ke4 58.Nc6 Kd5 59.b5  1-0

[Event "29th World Open"]
[Site "Philadelphia USA"]
[Date "2001.07.06"]
[Round "5"]
[White "Onischuk,Al"]
[Black "Doettling,F"]
[Result "1/2-1/2"]
[WhiteElo "2658"]
[BlackElo "2509"]

1.d4 d5 2.c4 e6 3.Nf3 Nf6 4.g3 Be7 5.Bg2 O-O 6.O-O dxc4 7.Qc2 a6 8.a4 Bd7
9.Qxc4 Bc6 10.Bg5 Bd5 11.Qd3 c5 12.dxc5 Bxc5 13.Nc3 Bc6 14.Qc4 Nbd7 15.e4 Be7
16.Qe2  1/2-1/2

[Event "29th World Open"]
[Site "Philadelphia USA"]
[Date "2001.07.07"]
[Round "6"]
[White "Garcia,Gild"]
[Black "Onischuk,Al"]
[Result "0-1"]
[WhiteElo "2490"]
[BlackElo "2658"]

1.e4 e5 2.Nf3 Nc6 3.Bb5 a6 4.Ba4 Nf6 5.O-O Bc5 6.c3 b5 7.Bc2 d5 8.d4 dxe4
9.Nbd2 exf3 10.Qxf3 Be7 11.Qxc6+ Bd7 12.Qf3 exd4 13.Ne4 O-O 14.Bg5 Nd5 15.Qh5 f5
16.Rae1 g6 17.Bxe7 Qxe7 18.Qg5 Qxg5 19.Nxg5 dxc3 20.Bb3 c6 21.Re7 Rad8 22.bxc3 h6
23.Ne6 Nxe7 24.Nxd8+ Nd5 25.Nb7 Be6 26.Nc5 Bf7 27.Rc1 a5 28.g3 a4 29.Bd1 Re8
30.Bf3 Re7 31.Nd3 a3 32.c4 Nb6 33.cxb5 cxb5 34.Rc3 Ra7 35.Bc6 Bxa2 36.Bxb5 Bf7
37.Rc1 a2 38.Ra1 Nd5 39.Bc4 Nc3 40.Bxf7+ Kxf7 41.Kg2 Rb7 42.Nc1 Rb2 43.Kf3 Rb1
44.Rxa2 Rxc1 45.Ra7+ Kf6 46.Ra6+ Kg5 47.h4+ Kh5  0-1

[Event "29th World Open"]
[Site "Philadelphia USA"]
[Date "2001.07.08"]
[Round "9"]
[White "Onischuk,Al"]
[Black "Benjamin,Joe"]
[Result "1/2-1/2"]
[WhiteElo "2658"]
[BlackElo "2581"]

1.c4 e5 2.Nc3 Nc6 3.Nf3 Nf6 4.e3 Bb4 5.Qc2 Bxc3 6.Qxc3 Qe7 7.a3 d5 8.d4 exd4
9.Nxd4 Nxd4 10.Qxd4 c5 11.Qh4 d4 12.Bd3 Be6 13.O-O Rd8 14.e4 Nd7 15.Qg3 O-O
16.Bf4 Nb6 17.b3 Kh8 18.e5 Rde8 19.Bg5 Qd7 20.Qf4 Nc8 21.h4 Ne7 22.h5 h6
23.Bxh6 Bf5 24.Bxf5 Nxf5 25.Bg5 f6 26.exf6 gxf6 27.Bh4 Qh7 28.Qg4 Rf7 29.Rfe1 Rg8
30.Qh3 Nxh4 31.Qxh4 Qf5 32.h6 Rh7 33.g3 Qg6 34.Kg2 Qxh6 35.Qxh6 Rxh6 36.Re6 Kh7
37.b4 Kg6 38.bxc5 Rc8 39.Rb1 Rh7 40.Rb5 Rd7 41.Rd6 Rcd8 42.Rxb7 Rxd6 43.cxd6 Rxd6
44.c5 Ra6 45.Kf3 Kf5 46.g4+ Ke5 47.Re7+ Kd5 48.Rd7+ Ke5 49.Re7+ Kd5 50.Rd7+  1/2-1/2

[Event "Continental Open"]
[Site "Las Vegas USA"]
[Date "2001.07.27"]
[Round "3"]
[White "Atalik,S"]
[Black "Onischuk,Al"]
[Result "1/2-1/2"]
[WhiteElo "2532"]
[BlackElo "2667"]

1.d4 f5 2.g3 Nf6 3.Bg2 g6 4.Nc3 d5 5.Bg5 c6 6.Qd2 Nbd7 7.Nh3 Bg7 8.Bh6 Bxh6
9.Qxh6 e5 10.O-O-O Ng4 11.Qd2 O-O 12.f3 Ngf6 13.e3 Qe7 14.e4 fxe4 15.fxe4 Nxe4
16.Bxe4 dxe4 17.d5 Qc5 18.dxc6 Nf6 19.cxb7 Bxb7 20.Rhe1 Qb6 21.Qd6 Rad8 22.Qxb6 Rxd1+
23.Kxd1 axb6 24.Nf2 Rd8+ 25.Ke2 Kf7 26.Rd1 Rd4 27.Ke3 Rc4 28.Nb5 Ke6 29.Nd6 Rc7
30.Nxb7 Rxb7 31.Nxe4 Ng4+ 32.Ke2 Nxh2 33.Rh1 Ng4 34.Ng5+ Kd5 35.Rxh7 Rxh7
36.Nxh7 e4 37.a4 Ne5 38.Nf6+ Kd4 39.b4 Nc4 40.b5 Ke5 41.Nd7+ Ke6 42.Nb8 Nb2
43.Ke3 Nxa4 44.Kxe4 Nc3+ 45.Kf4 Nxb5 46.Kg5 Nd4 47.c4 Nf5 48.g4 Ne3 49.Na6  1/2-1/2

[Event "Continental Open"]
[Site "Las Vegas USA"]
[Date "2001.07.28"]
[Round "4"]
[White "Onischuk,Al"]
[Black "Yermolinsky,A"]
[Result "1-0"]
[WhiteElo "2667"]
[BlackElo "2571"]

1.d4 Nf6 2.c4 e6 3.Nc3 Bb4 4.e3 O-O 5.Bd3 d5 6.Nf3 b6 7.O-O Bb7 8.a3 Bd6
9.cxd5 exd5 10.b4 a6 11.Qb3 Qe7 12.Rb1 Nbd7 13.a4 Ne4 14.Nxd5 Bxd5 15.Qxd5 Nc3
16.Qb3 Nxb1 17.Qxb1 g6 18.b5 axb5 19.axb5 Qe6 20.e4 Be7 21.Qc2 Nf6 22.Ne5 Ra2
23.Qb1 Ra4 24.Nc6 Re8 25.Bc2 Raa8 26.Re1 Qa2 27.Bg5 Qxb1 28.Bxb1 Nd5 29.Bd2 Bf8
30.Kf1 Ne7 31.Nb4 Bg7 32.Na6 Rxa6 33.bxa6 Bxd4 34.Bf4 Ra8 35.Bd3 Nc6 36.Bxc7 Nb4
37.Rd1 Bc5 38.Be5 Nxa6 39.Bxa6  1-0

[Event "Continental Open"]
[Site "Las Vegas USA"]
[Date "2001.07.29"]
[Round "5"]
[White "Onischuk,Al"]
[Black "Donaldson,J"]
[Result "1-0"]
[WhiteElo "2667"]
[BlackElo "2435"]

1.d4 d5 2.c4 c6 3.Nf3 Nf6 4.e3 Bf5 5.Nc3 e6 6.Nh4 Be4 7.f3 Bg6 8.Qb3 b6 9.Bd2 Be7
10.g3 Nbd7 11.Nxg6 hxg6 12.Bg2 O-O 13.O-O Rc8 14.cxd5 Nxd5 15.f4 Nxc3 16.Bxc3 c5
17.d5 exd5 18.Qxd5 Bf6 19.Rad1 Bxc3 20.bxc3 Nf6 21.Qf3 Qe7 22.e4 c4 23.e5 Nd7
24.Qb7 Qc5+ 25.Rd4 Rc7 26.Qd5 Re8 27.Rd1 b5 28.Qf3 Qe7 29.Qg4 Nc5 30.Bd5 Ne6
31.Bxe6 Qxe6 32.Qxe6 fxe6 33.h4 b4 34.cxb4 c3 35.Kf2 c2 36.Rc1 Rec8 37.Ke3 Kf7
38.b5 g5 39.hxg5 Kg6 40.g4 Rh8 41.Rd6 Rh3+ 42.Kd4 Kf7 43.g6+ Kxg6 44.Rxe6+ Kf7
45.Rc6  1-0

[Event "ECC"]
[Site "Panormo GRE"]
[Date "2001.09.23"]
[Round "1"]
[White "Pribyl,J"]
[Black "Onischuk,Al"]
[Result "0-1"]
[WhiteElo "2397"]
[BlackElo "2667"]

1.c4 f5 2.Nc3 Nf6 3.g3 g6 4.Bg2 Bg7 5.d3 O-O 6.e4 fxe4 7.dxe4 e5 8.Nge2 d6
9.O-O Be6 10.b3 Qd7 11.Nd5 Na6 12.Bg5 c6 13.Nxf6+ Bxf6 14.Bh6 Bg7 15.Bxg7 Kxg7
16.Qd2 Rad8 17.Rad1 Qc8 18.Qe3 Nc5 19.Rd2 a5 20.f4 b6 21.Rfd1 Bg4 22.Rxd6 Rxd6
23.Rxd6 Bxe2 24.Qxe2 exf4 25.gxf4 Rxf4 26.e5 Qf5 27.e6 Ne4 28.Rd7+ Kh6 29.Qe3 Ng5
30.h3 Nxe6 31.Rd6 Ng7 32.Rxc6 Qg5 33.Qxb6 Nf5 34.Qc5 Rd4 35.Qe5 Rd2 36.Qe4 Ne3  0-1

[Event "ECC"]
[Site "Panormo GRE"]
[Date "2001.09.24"]
[Round "2"]
[White "Onischuk,Al"]
[Black "Svetushkin,D"]
[Result "1/2-1/2"]
[WhiteElo "2667"]
[BlackElo "2461"]

1.d4 d5 2.c4 c6 3.Nf3 Nf6 4.Nc3 dxc4 5.a4 Bf5 6.e3 e6 7.Bxc4 Bb4 8.O-O O-O
9.Nh4 Nbd7 10.f3 Bg6 11.Nxg6 hxg6 12.e4 e5 13.Be3 Qe7 14.Qe2 Rad8 15.Kh1 exd4
16.Bxd4 Bc5 17.Bxc5 Nxc5 18.Rad1 Rxd1 19.Rxd1 Rd8 20.Rxd8+ Qxd8 21.e5 Nd5
22.Qd1  1/2-1/2

[Event "ECC"]
[Site "Panormo GRE"]
[Date "2001.09.26"]
[Round "4"]
[White "Onischuk,Al"]
[Black "Halkias,S"]
[Result "0-1"]
[WhiteElo "2667"]
[BlackElo "2505"]

1.d4 d5 2.c4 e6 3.Nc3 c5 4.cxd5 exd5 5.Nf3 Nc6 6.g3 Nf6 7.Bg2 Be7 8.O-O O-O
9.Bg5 c4 10.Ne5 Be6 11.Nxc6 bxc6 12.b3 Qa5 13.Na4 Rab8 14.e3 Bf5 15.Bxf6 Bxf6
16.Qe1 Qb4 17.Qxb4 Rxb4 18.Rfc1 Be7 19.Nc5 Bxc5 20.dxc5 Rfb8 21.Bf1 Be6 22.bxc4 dxc4
23.a3 Ra4 24.Bg2 Ra5 25.Bxc6 Rxc5 26.Ba4 c3 27.Kf1 Rb2 28.Ke1 g5 29.Bc2 g4
30.a4 Bf5 31.e4 Re5 32.Kf1 Bxe4 33.Bxe4 Rxe4 34.Re1 Rd4 35.Kg2 Rdd2 36.Rf1 c2
37.h3 h5 38.hxg4 hxg4 39.a5 Kg7 40.a6 Kf6  0-1

[Event "ECC"]
[Site "Panormo GRE"]
[Date "2001.09.27"]
[Round "5"]
[White "Onischuk,Al"]
[Black "Svidler,P"]
[Result "1/2-1/2"]
[WhiteElo "2667"]
[BlackElo "2695"]

1.d4 Nf6 2.c4 g6 3.Nc3 d5 4.Nf3 Bg7 5.Qb3 dxc4 6.Qxc4 O-O 7.e4 a6 8.Be2 b5
9.Qb3 c5 10.dxc5 Be6 11.Qc2 Nc6 12.O-O Qc7 13.h3 Nb4 14.Qb1 Qxc5 15.a3  1/2-1/2

[Event "ECC"]
[Site "Panormo GRE"]
[Date "2001.09.28"]
[Round "6"]
[White "Jacimovic,D"]
[Black "Onischuk,Al"]
[Result "0-1"]
[WhiteElo "2485"]
[BlackElo "2667"]

1.d4 Nf6 2.c4 e6 3.Nc3 Bb4 4.Qc2 O-O 5.e4 d6 6.a3 Bxc3+ 7.bxc3 e5 8.Bd3 c5
9.d5 Nh5 10.Ne2 Qf6 11.O-O Nf4 12.Nxf4 exf4 13.g3 Bh3 14.Bxf4 Bxf1 15.Rxf1 Nd7
16.Bc1 Rae8 17.f4 Qd8 18.Qg2 Qa5 19.Bd2 Qxa3 20.Qh3 f5 21.e5 g6 22.g4 dxe5
23.gxf5 e4 24.fxg6 Nf6 25.Be2 hxg6 26.f5 e3 27.fxg6 exd2 28.Rxf6 Qc1+  0-1

[Event "North American Open"]
[Site "Las Vegas USA"]
[Date "2001.12.26"]
[Round "2"]
[White "Onischuk,Al"]
[Black "Rowley,R"]
[Result "1-0"]
[WhiteElo "2660"]
[BlackElo "2320"]

1.d4 Nf6 2.c4 e6 3.Nc3 Bb4 4.e3 O-O 5.Bd3 d5 6.Nf3 dxc4 7.Bxc4 c5 8.a3 Ba5
9.O-O cxd4 10.exd4 Bxc3 11.bxc3 Qc7 12.Qd3 b6 13.Ne5 Bb7 14.Bf4 Nh5 15.Bd2 Nc6
16.Rfe1 Nxe5 17.Rxe5 Nf6 18.Bb3 Rfd8 19.Rae1 Nd7 20.Bc2 Nxe5 21.Qxh7+ Kf8
22.Rxe5 Qxe5 23.dxe5 Rxd2 24.h3 Rc8 25.Ba4 Rd5 26.Qh8+ Ke7 27.Qxg7 Rxc3 28.Qf6+ Kf8
29.Qh8+  1-0

[Event "18th Open"]
[Site "Skopje MKD"]
[Date "2002.01.15"]
[Round "1"]
[White "Bojkovic,N"]
[Black "Onischuk,Al"]
[Result "0-1"]
[WhiteElo "2427"]
[BlackElo "2655"]

1.c4 f5 2.Nc3 Nf6 3.g3 g6 4.Bg2 Bg7 5.d3 O-O 6.e4 Nc6 7.Nge2 d6 8.O-O e5
9.Nd5 Be6 10.Bg5 Qd7 11.Qd2 fxe4 12.dxe4 Rf7 13.f3 Raf8 14.Rad1 a5 15.b3 Bh3
16.Be3 b6 17.Bg5 Kh8 18.a3 Ng8 19.Be3 h5 20.b4 axb4 21.axb4 Qc8 22.Rb1 h4
23.gxh4 Bxg2 24.Kxg2 Rxf3 25.Ng3 Rxf1 26.Rxf1 Rxf1 27.Kxf1 Nf6 28.Nxf6 Bxf6
29.h5 gxh5 30.c5 Qh3+ 31.Kg1 h4 32.cxd6 hxg3 33.dxc7 Kh7 34.Bxb6 Nd4 35.Bxd4 exd4
36.e5 Bxe5 37.Qc2+ Kg7 38.Qg2 Qxg2+  0-1

[Event "18th Open"]
[Site "Skopje MKD"]
[Date "2002.01.16"]
[Round "2"]
[White "Onischuk,Al"]
[Black "Dizdarevic,E"]
[Result "0-1"]
[WhiteElo "2655"]
[BlackElo "2502"]

1.d4 Nf6 2.c4 d6 3.Nc3 e5 4.Nf3 e4 5.Ng5 Qe7 6.Qc2 Nc6 7.e3 Bf5 8.d5 Nb8
9.f3 Nbd7 10.Ngxe4 Bxe4 11.fxe4 g6 12.Nb5 Qd8 13.Bd2 a6 14.Nc3 Bg7 15.Bd3 O-O
16.O-O Qe7 17.b4 Rac8 18.Rab1 Ng4 19.Be2 Nge5 20.Rf4 Bh6 21.g3 Nb6 22.Na4 Rfe8
23.Rf2 Qd7 24.Nb2 c6 25.Qb3 cxd5 26.exd5 Ng4 27.Bxg4 Qxg4 28.Rbf1 Nxc4 29.Nxc4 Qxc4
30.Qxc4 Rxc4 31.Rxf7 Rc2 32.R7f2 Rxa2 33.Kg2 Re5 34.Bc1 Rxf2+ 35.Rxf2 Bf8
36.Rc2 Rxd5 37.Rc4 Rb5 38.e4 Kf7 39.Bd2 a5 40.Kf3 axb4 41.Bxb4 Be7 42.Bd2 Rb2
43.Bf4 g5 44.Bc1 Rxh2 45.Rc7 Ke6 46.Rxb7 h5 47.Rxe7+ Kxe7 48.Bxg5+ Ke6 49.Bf4 Ra2
50.Ke3 Ra3+ 51.Kf2 Rb3 52.Kg2 Rd3 53.Kf2 d5 54.exd5+ Kxd5 55.Kg2 Ke4 56.Kh3 Kf5
57.Bc7 Rd4 58.Bf4 Rb4 59.Kg2 Rd4 60.Be3 Rd3 61.Kf3 Rb3 62.Ke2 Kg4 63.Bf2 Kh3
64.Kf1 Kh2 65.Be1 Rf3+ 66.Bf2 Rf7 67.Ke2 Kg2 68.Be1 Rf3  0-1

[Event "18th Open"]
[Site "Skopje MKD"]
[Date "2002.01.17"]
[Round "3"]
[White "Onischuk,Al"]
[Black "Stamenkov,V"]
[Result "1-0"]
[WhiteElo "2655"]
[BlackElo "2417"]

1.d4 d5 2.c4 e6 3.Nc3 c5 4.cxd5 exd5 5.Nf3 Nc6 6.g3 Nf6 7.Bg2 Be7 8.O-O O-O
9.Bg5 c4 10.Ne5 Be6 11.f4 Ng4 12.Nxg4 Bxg4 13.Bxd5 Bxg5 14.fxg5 Qxg5 15.Rf4 Be6
16.Bg2 Rad8 17.Kh1 Ne7 18.Qg1 Ng6 19.Rff1 b6 20.Rad1 h5 21.e4 h4 22.Qf2 hxg3
23.Qxg3 Qxg3 24.hxg3 Bg4 25.Rd2 a6 26.Nd5 b5 27.Nb4 Rd6 28.Nc2 Ne5 29.Ne3 Bc8
30.Nd5 Ng6 31.e5 Rdd8 32.Rfd1 Bb7 33.Nb4 a5 34.Bxb7 axb4 35.Bf3 Ne7 36.d5 Nf5
37.g4 Ne7 38.Be4 Nc8 39.d6 Nb6 40.Bc6 c3 41.Re2 Nc4 42.bxc3 bxc3 43.Bxb5 Na3
44.Ba4 Rb8 45.Bb3 Rb4 46.g5 Rh4+ 47.Rh2 c2 48.Rxh4 cxd1=Q+ 49.Bxd1 Rc8 50.Bb3  1-0

[Event "18th Open"]
[Site "Skopje MKD"]
[Date "2002.01.18"]
[Round "4"]
[White "Stanojoski,Z"]
[Black "Onischuk,Al"]
[Result "0-1"]
[WhiteElo "2455"]
[BlackElo "2655"]

1.e4 e5 2.Nf3 Nc6 3.Bb5 d6 4.O-O Bg4 5.h3 Bh5 6.Re1 a6 7.Bxc6+ bxc6 8.d4 f6
9.dxe5 fxe5 10.Nbd2 Nf6 11.Nf1 Be7 12.Ng3 Bxf3 13.Qxf3 O-O 14.Nf5 g6 15.Nxe7+ Qxe7
16.Bg5 Qf7 17.Bh6 Rfb8 18.Qc3 c5 19.Re3 Rb4 20.Rae1 Nh5 21.Rf3 Qc4 22.Qd2 Rxb2
23.Qg5 Qe6 24.Ree3 c4 25.Rf5 Kh8 26.Rff3 Rxa2 27.Rc3 Ra4 28.Qe3 Nf6 29.Bg5 Ng8
30.Ra3 Rxa3 31.Qxa3 c6 32.Qb4 h6 33.Qb7 Qc8 34.Qf7 hxg5 35.Qxg6 Ra7 36.Qxd6 Qc7
37.Qe6 Qe7 38.Qg4 Nh6 39.Qh5 Kg7 40.Rg3 Nf7 41.h4 Qf6 42.hxg5 Qg6 43.Qe2 a5
44.Qxc4 Rd7 45.Qc3 a4 46.f4 Qxe4 47.g6 Nh6 48.fxe5 Rd1+ 49.Kf2 Ng4+  0-1

[Event "18th Open"]
[Site "Skopje MKD"]
[Date "2002.01.20"]
[Round "6"]
[White "Damljanovic,B"]
[Black "Onischuk,Al"]
[Result "1-0"]
[WhiteElo "2545"]
[BlackElo "2655"]

1.c4 e5 2.g3 Nf6 3.Bg2 c6 4.d4 exd4 5.Qxd4 d5 6.Nf3 Be7 7.cxd5 cxd5 8.Nc3 Nc6
9.Qa4 O-O 10.O-O Be6 11.Bg5 h6 12.Bxf6 Bxf6 13.Rad1 Qe7 14.e3 Bxc3 15.bxc3 Rfc8
16.Rd2 Qc5 17.Rc1 Na5 18.Nd4 Nc4 19.Nxe6 fxe6 20.Rd4 Nb6 21.Qd1 Kh8 22.Bh3 Re8
23.Rh4 Nc4 24.Qh5 Qe7 25.e4 Rad8 26.Bg2 d4 27.e5 Qa3 28.Qg5 Nxe5 29.cxd4 Rxd4
30.Rxh6+ gxh6 31.Qxe5+ Kg8 32.Rc7 Rd1+ 33.Bf1 Qf8 34.Qh5 Rxf1+ 35.Kxf1 Re7
36.Qg6+ Kh8 37.Rxe7 Qxe7 38.Qxh6+ Kg8 39.Qg6+ Kh8 40.h4 Qd7 41.Qh5+ Kg7 42.Qe5+ Kh6
43.Qe3+ Kg6 44.Qxa7 Qc6 45.Kg1 b6 46.Qa3  1-0

[Event "18th Open"]
[Site "Skopje MKD"]
[Date "2002.01.21"]
[Round "7"]
[White "Onischuk,Al"]
[Black "Miladinovic,I"]
[Result "0-1"]
[WhiteElo "2655"]
[BlackElo "2509"]

1.d4 Nf6 2.c4 c5 3.d5 e5 4.Nc3 d6 5.e4 Be7 6.Bd3 Nbd7 7.Be3 Nf8 8.h3 Ng6
9.g3 Bd7 10.Qe2 h5 11.f4 h4 12.f5 Nf8 13.g4 N6h7 14.Nf3 Ng5 15.Nd2 a6 16.Kf1 g6
17.Kg2 Ngh7 18.Bf2 Bc8 19.a3 Nd7 20.b4 Kf8 21.Rhb1 Kg7 22.bxc5 Nxc5 23.Bc2 Nf8
24.Nf3 Nfd7 25.Na4 Nxa4 26.Bxa4 g5 27.Bxd7 Qxd7 28.a4 a5 29.Bb6 f6 30.Rb5 Qe8
31.Bc7 Kg8 32.Rab1 Rh7 33.Qd2 Bf8 34.Rxa5 Bxf5 35.exf5 Rxc7 36.Rxa8 Qxa8
37.Qc2 Qa5 38.Rb5 Qa7 39.a5 Qe3 40.Rb3 Qc5 41.Qc3 Be7 42.Nd2 Kf8 43.Qa1 Bd8
44.Qa3 Qd4 45.Rd3 Qc5 46.Qa4 Ke7 47.Qa1 Rd7 48.Ra3 b5 49.cxb5 Qxd5+ 50.Nf3 Qxb5
51.Qa2 d5 52.Qd2 Ra7 53.a6 Qc5 54.Rc3 Qd6 55.Nxg5 Ba5 56.Ne6 Bxc3 57.Qh6 Qb8
58.Qg7+ Kd6 59.Qxf6 Qb2+ 60.Kg1 Qc1+ 61.Kg2 Qd2+ 62.Kg1 Qe1+ 63.Kg2 Qg3+
64.Kf1 Qxh3+ 65.Kg1 Qxg4+ 66.Kh2 Qg3+ 67.Kh1 Qh3+ 68.Kg1 Qe3+ 69.Kh2 e4 70.Qf8+ Kc6
71.Qe8+ Kb6 72.Qd8+ Kxa6 73.Qxd5  0-1

[Event "18th Open"]
[Site "Skopje MKD"]
[Date "2002.01.22"]
[Round "8"]
[White "Dworakowska,J"]
[Black "Onischuk,Al"]
[Result "1-0"]
[WhiteElo "2441"]
[BlackElo "2655"]

1.e4 e5 2.Nf3 Nc6 3.d4 exd4 4.Nxd4 Bc5 5.Be3 Qf6 6.c3 Nge7 7.g3 d5 8.Bg2 Bxd4
9.cxd4 dxe4 10.Nc3 Bf5 11.d5 O-O-O 12.Qb3 Nd4 13.Qa4 Nf3+ 14.Bxf3 exf3 15.Qxa7 Qa6
16.Qxa6 bxa6 17.O-O-O Bg6 18.Bc5 Nf5 19.Rhe1 f6 20.Rd3 Nxg3 21.Rxf3 Nf5 22.Rf4 Kd7
23.h4 Nd6 24.Rg1 Rhg8 25.Rfg4 Kc8 26.Ra4 Bd3 27.Rg3 Bf1 28.Rg1 Bb5 29.Nxb5 axb5
30.Ra8+ Kd7 31.Rxd8+ Kxd8 32.Bxd6 cxd6 33.Kd2 g5 34.Kc3 g4 35.Kb4 f5 36.Kxb5 Kd7
37.b4 Re8 38.a4 Re2 39.Rf1 Rd2 40.a5 Rxd5+ 41.Kb6 Rd2 42.a6  1-0

[Event "18th Open"]
[Site "Skopje MKD"]
[Date "2002.01.23"]
[Round "9"]
[White "Onischuk,Al"]
[Black "Zhukova,N"]
[Result "1-0"]
[WhiteElo "2655"]
[BlackElo "2441"]

1.d4 d5 2.c4 c6 3.Nf3 Nf6 4.e3 Bf5 5.Nc3 e6 6.Nh4 Be4 7.f3 Bg6 8.Qb3 Qc7
9.g3 Be7 10.Be2 Nbd7 11.cxd5 exd5 12.e4 dxe4 13.Nxg6 hxg6 14.fxe4 Nb6 15.Bf4 Qd7
16.d5 O-O 17.d6 Bd8 18.O-O-O Re8 19.Bf3 Ng4 20.h3 Ne5 21.Bg4 Nxg4 22.hxg4 g5
23.Be3 Re6 24.e5 Rxe5 25.Qc2 f6 26.Qh7+ Kf7 27.Qh5+ Ke6 28.Bd4 Nc4 29.Bxe5 Nxe5
30.Ne4 Bb6 31.Rhe1 Qe8 32.Qh7 Qg6 33.Qxg6 Nxg6 34.Nc5+ Kf7 35.d7 Rb8 36.Ne6 Bd8
37.Re4 Ne7 38.Rf1 Nd5 39.Nxg5+ Kg6 40.Ne6 Bb6 41.Nf4+ Kf7 42.Rd1  1-0

[Event "Aeroflot Open"]
[Site "Moscow RUS"]
[Date "2002.02.05"]
[Round "1"]
[White "Galliamova,A"]
[Black "Onischuk,Al"]
[Result "0-1"]
[WhiteElo "2514"]
[BlackElo "2655"]

1.Nf3 f5 2.g3 Nf6 3.Bg2 g6 4.O-O Bg7 5.d4 O-O 6.b3 d6 7.Bb2 Qe8 8.c4 Na6
9.Qc2 Rb8 10.Re1 c6 11.Nbd2 b5 12.a3 Kh8 13.Rac1 Bd7 14.Ba1 bxc4 15.bxc4 c5
16.d5 Nc7 17.e4 fxe4 18.Nxe4 Qc8 19.Neg5 Bf5 20.Qd2 h6 21.Ne6 Nxe6 22.dxe6 g5
23.Qe3 Qe8 24.h3 Qg6 25.g4 Bd3 26.Nd2 Qh7 27.Rc3 Bg6 28.Rb3 Rxb3 29.Nxb3 Ng8
30.Na5 Rf4 31.Nc6 a6 32.Nd8 Bxa1 33.Rxa1 Rxc4 34.Nf7+ Bxf7 35.Bd5 Bxe6 36.Bxe6 Re4
37.Qb3 Qg6 38.Bf7 Qg7 39.Rb1 Rf4 40.Be6 Qd4 41.Qc2 Qe4 42.Qa2 c4 43.Bf5 Qd4
44.Rb8 Kg7 45.Qe2 e5 46.Bb1 Ne7 47.Re8 Nd5 48.Qc2 e4 49.Kg2 c3 50.Rxe4 Rxe4
51.Qxe4 Qxe4+ 52.Bxe4 Nf4+ 53.Kf3 Kf6 54.h4 Ke5 55.hxg5 hxg5 56.Ke3 d5 57.Bf5 d4+
58.Kf3 d3 59.Ke3 c2 60.Kd2 Ne2 61.Ke1  0-1

[Event "Aeroflot Open"]
[Site "Moscow RUS"]
[Date "2002.02.05"]
[Round "2"]
[White "Onischuk,Al"]
[Black "Kosyrev,V"]
[Result "1-0"]
[WhiteElo "2655"]
[BlackElo "2565"]

1.d4 e6 2.c4 Nf6 3.Nc3 d5 4.Bg5 Be7 5.e3 O-O 6.Nf3 h6 7.Bh4 b6 8.Be2 Bb7
9.Bxf6 Bxf6 10.cxd5 exd5 11.O-O Nd7 12.b4 c6 13.Qb3 Re8 14.b5 c5 15.Nxd5 Bxd4
16.Rad1 Ne5 17.exd4 c4 18.Bxc4 Nxc4 19.Nb4 Na5 20.Qd3 Qd6 21.Nc2 Be4 22.Qe2 Qd5
23.Ne3 Bxf3 24.Qxf3 Qxb5 25.Nf5 Nc4 26.Qg4 g6 27.Nxh6+ Kg7 28.Qf4 g5 29.Nf5+ Kg6
30.Qc7 Qxf5 31.Qxc4 Rac8 32.Qa6 Rc7 33.Rd2 g4 34.d5 Rh8 35.d6 Rc3 36.Qe2 Qh5
37.Qe4+ Qf5 38.Qd4 Qh5 39.h3 Rc5 40.d7 gxh3 41.Qxh8  1-0

[Event "Aeroflot Open"]
[Site "Moscow RUS"]
[Date "2002.02.06"]
[Round "3"]
[White "Najer,E"]
[Black "Onischuk,Al"]
[Result "1/2-1/2"]
[WhiteElo "2599"]
[BlackElo "2655"]

1.e4 e5 2.Nf3 Nc6 3.Nc3 Nf6 4.Bb5 Nd4 5.Ba4 Bc5 6.Nxe5 O-O 7.Nd3 Bb6 8.e5 Ne8
9.Nd5 d6 10.Ne3 c6 11.c3 Nf5 12.O-O Bc7 13.f4 Nxe3 14.dxe3 dxe5 15.Nxe5 Bf5
16.Bc2 Qxd1 17.Bxd1 Nf6 18.Ng6  1/2-1/2

[Event "Aeroflot Open"]
[Site "Moscow RUS"]
[Date "2002.02.07"]
[Round "5"]
[White "Eljanov,P"]
[Black "Onischuk,Al"]
[Result "1/2-1/2"]
[WhiteElo "2540"]
[BlackElo "2655"]

1.d4 Nf6 2.Nf3 e6 3.c4 d5 4.Nc3 Be7 5.Qc2 O-O 6.cxd5 Nxd5 7.Bd2 c5 8.Nxd5 exd5
9.dxc5 Na6 10.e3 Nxc5 11.Bd3 Nxd3+ 12.Qxd3 Bg4 13.Nd4 Qc7 14.Rc1 Qe5 15.f3 Bd7
16.f4 Qd6 17.O-O Qb6 18.Bc3 Rfe8 19.Rf3 Bf8  1/2-1/2

[Event "Aeroflot Open"]
[Site "Moscow RUS"]
[Date "2002.02.08"]
[Round "6"]
[White "Onischuk,Al"]
[Black "Nadanian,A"]
[Result "1/2-1/2"]
[WhiteElo "2655"]
[BlackElo "2407"]

1.d4 d5 2.c4 e6 3.Nc3 c5 4.cxd5 exd5 5.Nf3 Nc6 6.g3 c4 7.Bg2 Bb4 8.O-O Nge7
9.a3 Ba5 10.Ne5 O-O 11.Bg5 h6 12.Bxe7 Nxe7 13.Rc1 Bf5 14.Nxd5 Nxd5 15.e4 c3
16.b4 Bxe4 17.Bxe4 Bb6 18.Qf3 Bxd4 19.Nxf7 Qf6 20.Bxd5 Qxf3 21.Bxf3 Kxf7
22.Bxb7 Rad8 23.Kg2 Bf6 24.Rfd1 Rxd1 25.Rxd1 Rd8 26.Bd5+ Ke7 27.Re1+ Kf8
28.Be4 g5 29.Re2 Re8 30.Kf1 Bd4 31.Ke1 c2 32.Kd2 Bb2 33.Kxc2 Bxa3 34.Kb3 Bc1
35.Rc2 Rxe4 36.Rxc1 Re7 37.Rc2 Kf7 38.Ka4 g4 39.Ka5 Kf6 40.Ka6 Kg5 41.Rc5+ Kg6
42.Rc4 h5 43.Rf4 Kg5 44.Rf8 Re4 45.Rg8+ Kh6 46.b5 Ra4+ 47.Kb7 Rb4 48.Kc6 Rc4+
49.Kd5 Rc2 50.Rf8 Rb2 51.Kc6 Rc2+ 52.Kb7 Rb2 53.Rf5 Kg6 54.Rc5 Ra2 55.Rc3 Ra5  1/2-1/2